Detalles MARC
| 000 -LEADER |
| campo de control de longitud fija |
01678cam a2200337 i 4500 |
| 003 - IDENTIFICADOR DE NÚMERO DE CONTROL |
| campo de control |
PE-LiUPU |
| 005 - FECHA Y HORA DE LA ÚLTIMA TRANSACCIÓN |
| campo de control |
20260202161006.0 |
| 008 - DATOS DE LONGITUD FIJA--INFORMACIÓN GENERAL |
| campo de control de longitud fija |
1001 s2010 ar a rb 000 0 spa d |
| 020 ## - NÚMERO INTERNACIONAL ESTÁNDAR DEL LIBRO |
| Número Internacional Estándar del Libro |
9789875676268 |
| 035 ## - NÚMERO DE CONTROL DEL SISTEMA |
| Número de control de sistema |
PE-LiUPU00066 |
| 040 ## - FUENTE DE CATALOGACIÓN |
| Centro catalogador/agencia de origen |
PE-LiUPU |
| Lengua de catalogación |
spa |
| Centro/agencia transcriptor |
PE-LiUPU |
| Normas de descripción |
rda |
| 082 04 - NÚMERO DE LA CLASIFICACIÓN DECIMAL DEWEY |
| Número de clasificación |
248.3 |
| Número de edición |
23 |
| Cutter |
M875o |
| 100 1# - ENTRADA PRINCIPAL--NOMBRE DE PERSONA |
| Nombre de persona |
Morris, Derek J., |
| Término indicativo de función/relación |
autor. |
| 9 (RLIN) |
7879 |
| 245 13 - MENCIÓN DEL TÍTULO |
| Título |
La oración radical : |
| Resto del título |
¿Responderás al llamamiento de Jesús? / |
| Mención de responsabilidad, etc. |
Derek J. Morris. |
| 250 ## - MENCION DE EDICION |
| Mención de edición |
Primera edición. |
| 264 #1 - PRODUCCIÓN, PUBLICACIÓN, DISTRIBUCIÓN, FABRICACIÓN Y COPYRIGHT |
| Producción, publicación, distribución, fabricación y copyright |
Florida : |
| Nombre del de productor, editor, distribuidor, fabricante |
Asociación Casa Editora Sudamericana, |
| Fecha de producción, publicación, distribución, fabricación o copyright |
2010. |
| 264 #3 - PRODUCCIÓN, PUBLICACIÓN, DISTRIBUCIÓN, FABRICACIÓN Y COPYRIGHT |
| Producción, publicación, distribución, fabricación y copyright |
Impreso en la Argentina. |
| 300 ## - DESCRIPCIÓN FÍSICA |
| Extensión |
61 páginas ; |
| Dimensiones |
23 cm |
| 336 ## - TIPO DE CONTENIDO |
| Término de tipo de contenido |
text |
| Fuente |
rdacontent |
| 337 ## - TIPO DE MEDIO |
| Nombre/término del tipo de medio |
unmediated |
| Fuente |
rdamedia |
| 338 ## - TIPO DE SOPORTE |
| Nombre/término del tipo de soporte |
volume |
| Fuente |
rdacarrier |
| 500 ## - NOTA GENERAL |
| Nota general |
Traducción de la obra original en inglés. |
| 500 ## - NOTA GENERAL |
| Nota general |
Obra de reflexión espiritual centrada en la oración cristiana y el compromiso radical con Jesús. |
| 505 ## - NOTA DE CONTENIDO CON FORMATO |
| Nota de contenido con formato |
Ver el mundo desde una perspectiva radical -- Reconocer un problema radical -- Elevar la oración radical -- Abordar desafíos radicales -- Trabajar con una dependencia radical -- Experimentar el gozo radical. |
| 520 ## - RESUMEN, ETC. |
| Sumario, etc. |
Libro devocional que invita al lector a profundizar en una vida de oración intensa y transformadora, destacando el poder de la oración radical como respuesta al llamado de Jesús y como medio para experimentar una fe activa, gozosa y comprometida. |
| 650 14 - PUNTO DE ACCESO ADICIONAL DE MATERIA--TÉRMINO DE MATERIA |
| Término de materia o nombre geográfico como elemento de entrada |
Oración cristiana. |
| 9 (RLIN) |
7880 |
| 650 24 - PUNTO DE ACCESO ADICIONAL DE MATERIA--TÉRMINO DE MATERIA |
| Término de materia o nombre geográfico como elemento de entrada |
Vida devocional cristiana |
| 9 (RLIN) |
7978 |
| 700 ## - ENTRADA AGREGADA--NOMBRE PERSONAL |
| Nombre de persona |
Bosch Queralt, Daniel, |
| Término indicativo de función/relación |
director. |
| 9 (RLIN) |
7883 |
| 942 ## - ELEMENTOS DE ENTRADA SECUNDARIOS (KOHA) |
| Fuente del sistema de clasificación o colocación |
Clasificación Decimal Dewey |
| Tipo de ítem Koha |
Libros físicos |
| 980 ## - EQUIVALENCIA O REFERENCIA-CRUZADA-MENCIÓN DE SERIE--NOMBRE DE PERSONA/TÍTULO [LOCAL, CANADÁ] |
| ID del usuario creador del registro |
18228 |
| Nombre del creador del registro |
Rebeca Esther Huerta Leyton |
| ID del último usuario que modificó el registro |
18226 |
| Nombre del último usuario que modificó el registro |
Jaime Vilcazán Jefe de Análisis Documental |